Central Library OPAC University of Rajshahi

Clinical psychology : (Record no. 32108)

MARC details
000 -LEADER
fixed length control field 00921cam a22002891 4500
001 - CONTROL NUMBER
control field 32108
003 - CONTROL NUMBER IDENTIFIER
rucl marc code BD-RjUL
005 - DATE AND TIME OF LATEST TRANSACTION
control field 20211209051805.0
008 - FIXED-LENGTH DATA ELEMENTS--GENERAL INFORMATION
fixed length control field 140423s1962 nyua 001 0 eng d
035 ## - SYSTEM CONTROL NUMBER
System control number (BD-RjUL)32197
System control number (OCoLC)14621440
040 ## - CATALOGING SOURCE
Original cataloging agency DLC
Transcribing agency DNLM
Modifying agency OClU
-- DLC
-- BD-RjUL
Language of cataloging eng
041 ## - LANGUAGE CODE
Language code of text/sound track or separate title eng
060 0# - NATIONAL LIBRARY OF MEDICINE CALL NUMBER
Classification number WM 100
Item number S957c 1962
082 04 - DEWEY DECIMAL CLASSIFICATION NUMBER
Classification number 618.9289
Author mark and year SUC 1962
100 1# - MAIN ENTRY--PERSONAL NAME
Personal name Sundberg, Norman D.
9 (RLIN) 97739
245 10 - TITLE STATEMENT
Title Clinical psychology :
Statement of responsibility, etc. by Norman D. Sundberg and Leona E. Tyler.
Remainder of title an introduction to research and practice /
260 ## - PUBLICATION, DISTRIBUTION, ETC. (IMPRINT)
Place of publication, distribution, etc. New York :
Name of publisher, distributor, etc. Appleton-Century-Crofts,
Date of publication, distribution, etc. c1962.
300 ## - PHYSICAL DESCRIPTION
Pagination xviii, 564 p. ;
Illustrations ill.
Size 24 cm.
490 0# - SERIES STATEMENT
Series statement Century psychology series
504 ## - BIBLIOGRAPHY, ETC. NOTE
Bibliography, etc Includes Index
650 #0 - SUBJECT ADDED ENTRY--TOPICAL TERM
Topical term or geographic name as entry element Clinical psychology
9 (RLIN) 97740
700 1# - ADDED ENTRY--PERSONAL NAME
Personal name Tyler, Leona E.
Fuller form of name (Leona Elizabeth),
Dates associated with a name 1906-1993.
942 ## - ADDED ENTRY ELEMENTS (KOHA)
Source of classification or shelving scheme Dewey Decimal Classification
Koha item type Books
Holdings
Lost status Source of classification or shelving scheme Damaged status Not for loan Collection code Permanent Location Current Location Shelving location Date acquired Source of acquisition Cost, normal purchase price Total Checkouts Full call number Date last seen Copy number Koha item type
  Dewey Decimal Classification   Not For Loan Non-fiction Central Library, University of Rajshahi Central Library, University of Rajshahi Reading Room 23/01/1970 Zeit 75.60   618.9289 SUC 1962 23/04/2014 C-1 Books
  Dewey Decimal Classification     Non-fiction Central Library, University of Rajshahi Central Library, University of Rajshahi     Zeit. 75.06   618.9289 SUC 1962 10/11/2016 C-2 Books